LEADER 01745nam0 22004213i 450 001 NAP0418454 005 20231121125601.0 100 $a20181109d1912 ||||0itac50 ba 101 | $agrc 102 $ade 181 1$6z01$ai $bxxxe 182 1$6z01$an 200 1 $aSophoclis Electra$fex recensione Guilelmi Dindorfii 205 $aEditio stereotypa$fquam curavit S. Mekler 210 $aLipsiae$cin aedibus B. G. Teubneri$d1912 215 $aP. 54-101$d18 cm 225 | $aBibliotheca scriptorum Graecorum et Romanorum Teubneriana 300 $aData della cop.: 1911. 410 0$1001CFI0069176$12001 $aBibliotheca scriptorum Graecorum et Romanorum Teubneriana 676 $a882.01$9Poesia drammatica e letteratura drammatica greca classica. Periodo antico, fino al 499 ca.$v22 700 0$aSophocles$3CFIV001293$4070$0439098 702 1$aDindorf$b, Wilhelm$3RAVV076064 702 1$aMekler$b, Siegfried$3RMSV027506 790 0$aSofocle$3CFIV001294$zSophocles 790 0$aSophokles$3MUSV061733$zSophocles 790 0$aSofokl?s$3SBNV084571$zSophocles 790 1$aDindorfius$b, Guilelmus$3MILV171281$zDindorf, Wilhelm 790 1$aDindorf$b, Karl Wilhelm$3PUVV236788$zDindorf, Wilhelm 790 1$aDindorfius$b, Guilielmus$3SBNV002338$zDindorf, Wilhelm 790 1$aDindorf$b, Guilielmus$3UFIV134674$zDindorf, Wilhelm 801 3$aIT$bIT-01$c20181109 850 $aIT-FR0017 899 $aBiblioteca umanistica Giorgio Aprea$bFR0017 $eN 912 $aNAP0418454 950 0$aBiblioteca umanistica Giorgio Aprea$d 52DFA BTG Soph. 5$e 52FLS0000324065 VMC RF $fB $h20181109$i20181109 977 $a 52 996 $aSophoclis Electra$91785999 997 $aUNICAS